000
00334nam a2200145Ia 4500
008
191201s2007 xx 000 0 und d
082
_a
338.5
_b
PUM
100
_a
PURI ,V. K
245
0
_a
Macroeconomic
250
_a
2nd
260
_a
N. delhi
_b
Himala Publication House
_c
2007
300
_a
312
650
_a
BBA
942
_2
ddc
_c
BK
_0
4
999
_c
4877
_d
4877